Технические средства ЭВМ. Элементная и конструктивная база: Справочное пособие

গ্রন্থ-পঞ্জীর বিবরন
প্রধান লেখক: Жданович В. М. Владимир Михайлович
অন্যান্য লেখক: Луговский В. П. Владимир Петрович, Русак И. М. Иван Михайлович
ভাষা:রুশ
প্রকাশিত: Минск, Вышэйшая школа, 1991
বিষয়গুলি:
বিন্যাস: গ্রন্থ
KOHA link:https://koha.lib.tpu.ru/cgi-bin/koha/opac-detail.pl?biblionumber=74367

MARC

LEADER 00000nam0a2200000 4500
001 74367
005 20231031085238.0
010 |a 5339002144 
035 |a (RuTPU)RU\TPU\book\79307 
090 |a 74367 
100 |a 20050303d1991 km y0rusy50 ca 
101 0 |a rus 
102 |a BY 
105 |a a g 001zy 
200 1 |a Технические средства ЭВМ. Элементная и конструктивная база  |e Справочное пособие  |f В. М. Жданович, В. П. Луговский, И. М. Русак 
210 |a Минск  |c Вышэйшая школа  |d 1991 
215 |a 637 с.  |c ил. 
320 |a Библиогр.: с. 631. 
320 |a Предметный указатель: с. 632-634. 
610 1 |a вычислительная техника 
610 1 |a вычислительные машины 
610 1 |a ЭВМ 
610 1 |a технические средства 
610 1 |a элементная база 
610 1 |a интегральные микросхемы 
610 1 |a конструкции 
610 1 |a печатные платы 
610 1 |a модули 
610 1 |a периферийные устройства 
610 1 |a справочники 
675 |a 681.3(035)  |v 3 
700 1 |a Жданович  |b В. М.  |g Владимир Михайлович 
701 1 |a Луговский  |b В. П.  |g Владимир Петрович 
701 1 |a Русак  |b И. М.  |g Иван Михайлович 
801 1 |a RU  |b 63413507  |c 20050303  |g PSBO 
801 2 |a RU  |b 63413507  |c 20170123  |g PSBO 
900 |a Конструкторско-технологическое обеспечение производства ЭВМ 
942 |c BK